A Course in Phonetics (Record no. 246831)
[ view plain ]
| 000 -LEADER | |
|---|---|
| fixed length control field | 00504nam a2200193Ia 4500 |
| 008 - FIXED-LENGTH DATA ELEMENTS--GENERAL INFORMATION | |
| fixed length control field | 240913s9999||||xx |||||||||||||| ||und|| |
| 082 ## - DEWEY DECIMAL CLASSIFICATION NUMBER | |
| -- | 414.8 Q5 |
| 100 ## - MAIN ENTRY--PERSONAL NAME | |
| Personal name | Ladefoged,Peter |
| 245 #2 - TITLE STATEMENT | |
| Title | A Course in Phonetics |
| 250 ## - EDITION STATEMENT | |
| Edition statement | 7th |
| 260 ## - PUBLICATION, DISTRIBUTION, ETC. (IMPRINT) | |
| Date of publication, distribution, etc | 2015 |
| Name of publisher, distributor, etc | Cengage Learning |
| Place of publication, distribution, etc | New Delhi |
| 500 ## - GENERAL NOTE | |
| General note | REFERENCE |
| 650 ## - SUBJECT ADDED ENTRY--TOPICAL TERM | |
| Topical term or geographic name as entry element | Audiology Speech and Language Pathology |
| 700 ## - ADDED ENTRY--PERSONAL NAME | |
| Personal name | Johnson,Keith |
| 942 ## - ADDED ENTRY ELEMENTS (KOHA) | |
| Item type | Reference |
| Withdrawn status | Lost status | Damaged status | Permanent location | Current location | Shelving location | Date acquired | Source of acquisition | Cost, normal purchase price | Full call number | Barcode | Date last seen | Koha item type |
|---|---|---|---|---|---|---|---|---|---|---|---|---|
| CENTRAL LIBRARY, NOORUL ISLAM CENTRE FOR HIGHER EDUCATION | CENTRAL LIBRARY, NOORUL ISLAM CENTRE FOR HIGHER EDUCATION | 06/27/2019 | The Standard Book Company, Bangalore | 14451.23 | 414.8 Q5 | 80472 | 09/13/2024 | Reference |
